000 00322nam a2200133Ia 4500
008 150201s2004 xx 000 0 und d
082 _a617.7
_bC04G
100 _aGUPTA, A.C.
245 _aCURRENT TOPICS IN OPHTHAMOLOGY-2
260 _bELSEVIER
_aDELHI
_c2004
300 _a1-707
650 _aORTHOPAEDICS
942 _2ddc
_cBK
999 _c586
_d586